000 01316cam a22003131a 4500
001 outofnight00valt
003 CaSfIA
005 20210118195452.0
007 cr||||
008 950608s1941 nyu 000 0aeng
035 _9(DLC) 41005066
856 4 1 _uhttp://www.archive.org/details/outofnight00valt
_zFree eBook from the Internet Archive
856 4 2 _uhttp://www.openlibrary.org/books/OL6415180M
_zAdditional information and access via Open Library
010 _a 41005066
035 _a(OCoLC)32612883
040 _aDLC
_cPCarlMH
_dODaWU
_dNcRS
_dDLC
_dCaSfIA
042 _apremarc
050 0 0 _aHX276
_b.K74 1941a
082 _a923.343
100 1 _aValtin, Jan,
_d1904-1951.
245 1 0 _aOut of the night /
_h[electronic resource]
_cby Jan Valtin.
260 _aNew York :
_bAlliance Book Corporation,
_cc1941.
300 _avi, 749 p. :
_c25 cm.
600 1 0 _aValtin, Jan,
_d1904-1951.
651 0 _aGermany
_xPolitics and government
_y1933-1945.
942 _cEB
506 _fНеобхідна авторизація на https://archive.org/ (створення облікового запису безкоштовно)
506 _fНеобхідна авторизація на https://openlibrary.org/ (створення облікового запису безкоштовно)
999 _c534144
_d534144